Planet RE:Think /

Featuring experts and case studies from across the globe, the USA, Canada, South Africa, Germany, Belgium, France, Norway, UK, Denmark, Greenland, China, India, Bhutan - Planet RE:think shows how our dependency on cheap energy is jeopardizing our survival, and how we need to increase resource effici...

Full description

Bibliographic Details
Other Authors: Hardt, Eskil (Director)
Format: Video
Language:English
Language Notes:In English.
Published: London, England : TVF International, 2012.
Series:Environmental studies in video
Subjects:
Online Access:Connect to this streaming video (Alexander Street Press)

MARC

Tag First Indicator Second Indicator Subfields
LEADER 00000cgm a2200000Ma 4500
001 in00005537413
006 m o c
007 cr |n||||||||a
007 vz |za|z|
008 150128s2012 enk057 e o vueng d
005 20241201225556.1
035 |a (OCoLC)ocn904564198 
040 |a ALSTP  |b eng  |e pn  |c ALSTP  |d OCLCO  |d OCLCQ  |d OCLCF  |d OCLCQ  |d OCLCO  |d OCLCQ  |d WYU  |d UPM  |d OCLCO  |d CJT  |d OCLCQ  |d OCLCL 
019 |a 1373510770 
035 |a (OCoLC)904564198  |z (OCoLC)1373510770 
082 0 4 |a 195  |q OCoLC 
049 |a TXAM 
245 0 0 |a Planet RE:Think /  |c a film by Eskil Hardt. 
260 |a London, England :  |b TVF International,  |c 2012. 
300 |a 1 online resource (57 min.). 
306 |a 005608 
336 |a two-dimensional moving image  |b tdi  |2 rdacontent 
337 |a computer  |b c  |2 rdamedia 
338 |a online resource  |b cr  |2 rdacarrier 
347 |a data file  |2 rda 
490 0 |a Environmental studies in video 
500 |a Title from resource description page (viewed January 28, 2015). 
520 |a Featuring experts and case studies from across the globe, the USA, Canada, South Africa, Germany, Belgium, France, Norway, UK, Denmark, Greenland, China, India, Bhutan - Planet RE:think shows how our dependency on cheap energy is jeopardizing our survival, and how we need to increase resource efficiency and the re-use and recycling of critical materials. 
546 |a In English. 
586 |a Won 2013 Moondance International Film Festival, Best Feature Documentary 
650 0 |a Environmentalism. 
650 0 |a Sustainable development. 
650 6 |a Environnementalisme. 
650 6 |a Développement durable. 
650 7 |a Environmentalism.  |2 fast  |0 (OCoLC)fst00913543 
650 7 |a Sustainable development.  |2 fast  |0 (OCoLC)fst01139731 
655 7 |a Documentary films.  |2 fast  |0 (OCoLC)fst01710390 
655 7 |a Documentary films.  |2 lcgft 
655 7 |a Documentaires.  |2 rvmgf 
700 1 |a Hardt, Eskil.  |4 drt 
758 |i has work:  |a Planet re:think (MovingImage)  |1 https://id.oclc.org/worldcat/entity/E39PCGMjy8krVPcYH9HdWVRmQy  |4 https://id.oclc.org/worldcat/ontology/hasWork 
856 4 0 |u http://proxy.library.tamu.edu/login?url=https://www.aspresolver.com/aspresolver.asp?AVN2;2755529  |z Connect to this streaming video (Alexander Street Press)  |t 0 
955 |a Alexander Street Press subscription streaming video 
994 |a 92  |b TXA 
999 f f |s 7fe63f5f-1d9b-4269-ab1f-37967faaa4b3  |i 0516d0fe-72c5-49f1-8489-431ff42f7231  |t 0 
952 f f |a Texas A&M University  |b College Station  |c Electronic Resources  |d Available Online  |t 0  |h Library of Congress classification 
998 f f |t 0  |l Available Online